000 00298nam a22001337a 4500
008 190225b xxu||||| |||| 00| 0 eng d
020 _a0669123757
041 _aeng
080 _a004
100 _a29
101 _aSHKI
245 _aFile Organization and Access
_cAusting, R.H
942 _2udc
_cBK
999 _c54198
_d54198